Documento de Luis Escobar (Record no. 4876)

MARC details
000 -CABECERA
campo de control de longitud fija 01398nam a2200301 a 4500
001 - NÚMERO DE CONTROL
campo de control BRCA_5182
005 - FECHA Y HORA DE LA ÚLTIMA TRANSACCIÓN
campo de control 20190320204955.0
008 - DATOS DE LONGITUD FIJA--INFORMACIÓN GENERAL
campo de control de longitud fija 241110s1827----mx-######v---#000-0#spa-#
041 ## - CÓDIGO DE LENGUA
Código de lengua del texto/banda sonora o título independiente spa
044 ## - CÓDIGO DEL PAÍS DE LA ENTIDAD EDITORA/PRODUCTORA
Código MARC del país mx
084 ## - OTRO NÚMERO DE CLASIFICACIÓN
Número de clasificación DOC141
Número de documento/Ítem .E83
-- 1827
100 1# - ENTRADA PRINCIPAL--NOMBRE DE PERSONA
Nombre de persona Escobar, Luis
9 (RLIN) 13253
245 10 - MENCIÓN DE TÍTULO
Título Documento de Luis Escobar
Mención de responsabilidad, etc. Luis Escobar, Licenciado Don Agustín Pérez de Lebrija.
260 ## - PUBLICACIÓN, DISTRIBUCIÓN, ETC.
Lugar de publicación, distribución, etc. México
Fecha de publicación, distribución, etc. 1827
300 ## - DESCRIPCIÓN FÍSICA
Extensión [9] fojas
Dimensiones 32 x 22 cm
500 ## - NOTA GENERAL
Nota general Documento expedido en 1827
500 ## - NOTA GENERAL
Nota general Petición de Luis Escobar, preso en la cárcel al Lic. Don Agustín Pérez de Lebrija, Juez de primera instancia, se le condone su sentencia en virtud de encontrarse enfermo. Anexos certificados de los facultativos médicos, negando dicho padecimiento
500 ## - NOTA GENERAL
Nota general El documento contiene la leyenda DOC. #309
500 ## - NOTA GENERAL
Nota general Papel con marca de agua
500 ## - NOTA GENERAL
Nota general Estado de conservación: contiene manchas de acidez, márgenes maltratados, así como manchas de tinta
506 0# - NOTA DE RESTRICCIONES AL ACCESO
Limitaciones de acceso Fondo reservado: para su consulta es necesario credencial de usuario y carta de motivos
546 ## - NOTA DE LENGUA/LENGUAJE
Nota de lengua/lenguaje Texto en: español de principios del siglo XIX
600 14 - PUNTO DE ACCESO ADICIONAL DE MATERIA--NOMBRE DE PERSONA
Nombre de persona Escobar, Luis
Títulos y otros términos asociados al nombre Preso
9 (RLIN) 13254
650 14 - PUNTO DE ACCESO ADICIONAL DE MATERIA--TÉRMINO DE MATERIA
Término de materia o nombre geográfico como elemento de entrada Documentos legales
Subdivisión de forma Impreso con rúbricas
Subdivisión general Historia
Subdivisión cronológica Federalismo y centralismo, 1824-1853
Subdivisión geográfica México
9 (RLIN) 13255
700 1# - PUNTO DE ACCESO ADICIONAL--NOMBRE DE PERSONA
Nombre de persona Pérez de Lebrija, Agustín
Títulos y otros términos asociados al nombre Juez
9 (RLIN) 13256
902 ## - CATALOGADOR
Iniciales FDH
942 ## - ELEMENTOS DE PUNTO DE ACCESO ADICIONAL (KOHA)
Fuente del sistema de clasificación o colocación Library of Congress Classification
Tipo de ítem Koha Documentos
Holdings
Estado de retiro Estado de pérdida Estado dañado No para préstamo Localización permanente Ubicación/localización actual Fecha de adquisición Total de préstamos Signatura topográfica completa Código de barras Fecha visto por última vez Precio válido a partir de Tipo de ítem Koha
El ejemplar forma parte de la colección y puede ser consultado según las políticas vigentes.       Biblioteca del Museo Franz Mayer (Rogerio Casas-Alatriste) Biblioteca del Museo Franz Mayer (Rogerio Casas-Alatriste) 24/11/2010   DOC141 .E83 1827 5600 22/03/2019 22/03/2019 Documentos